00494nam a22001817a 450000500170000001000150001702000260003203500130005803700130007108200140008410000180009824500350011625000110015126000430016227000590020530000280026450000200029220150902104912.0 aENG-113454 c425.00a9789350350034 aEN-96986 bDBAD/PUB a346.54066 aSaharay, H.K. aCompany law /cby H.K. Saharay a6th ed aDelhi bUniversal Law Publishingc2012 aA-58, G.T. Karnal Road Industrial Area,bDelhie110033 axcviii,606p.c25cm(pbk) aIncludes index